Stratégia modrého oceánu na príklade vybraných firiem - pozitívne príklady zo slovenského prostredia bakalárska práca

Guardado en:
Detalles Bibliográficos
Autor principal: Csenkeyová, Simona
Autor Corporativo: Obchodná fakulta EU. Katedra medzinárodného obchodu
Otros Autores: Krajčík, Daniel, 1981-
Formato: Libro
Lenguaje:eslovaco
Publicado: Bratislava 2017
Etiquetas: Agregar Etiqueta
Sin Etiquetas, Sea el primero en etiquetar este registro!

MARC

LEADER 00000nbm a2200000 4500
001 0232802
005 20170818093651.1
041 0 |a slo 
044 |a SK 
245 1 0 |a Stratégia modrého oceánu na príklade vybraných firiem - pozitívne príklady zo slovenského prostredia  |b bakalárska práca  |c Simona Csenkeyová ; školiteľ: Daniel Krajčík 
264 1 |a Bratislava  |c 2017 
300 |a 47 s. 
100 1 |a Csenkeyová, Simona 
700 1 |a Krajčík, Daniel, 1981- 
710 2 |a Obchodná fakulta EU. Katedra medzinárodného obchodu